000 00383cam a22001097a 4500
008 180718b1967 xxu||||| |||| 00| 0 eng d
082 _aK11mx42 Un3 1964
245 _aStaffing of local government
_cBy Her majesty's strationary office
260 _aLondon
_bHer majesty's strationary office
_c1967
300 _a271p
650 _aLocal officials and employees - Recruiting - Great Britain
999 _c410049
_d410049